000 01696nam a2200457 i 4500
001 12542
003 KOSZ 005
005 20200622102939.0
008 200401s1968 pl a f 001 0 pol
015 _aPB 1968/4942
040 _aWA N
_cWA N
_dKOSZ 005/ID
_dKOSZ 005/HR
_dKOSZ 005/RW
041 1 _apol
_heng
046 _k1964
080 _a547
080 _a543.4/.5
080 _a(076)
100 1 _aSixma, Frederik Leonardus Johannes
_eAutor
245 1 0 _aMetody fizyczne w chemii organicznej /
_c F. L. J. Sixma, H. Wynberg ; tłumaczenie z angielskiego Jerzy Kuryłowicz.
246 1 _iTytuł oryginału:
_aManual of physical methods in organic chemistry.
260 _aWarszawa :
_bPaństwowe Wydawnictwo Naukowe,
_c1968.
300 _a320 stron :
_bilustracje, errata ;
_c24 cm.
336 _aTekst
_btxt
_2rdacontent
337 _aBez urządzenia pośredniczącego
_bn
_2rdamedia
338 _aWolumin
_bnc
_2rdacarrier
380 _aKsiążki.
380 _aPublikacje dydaktyczne
388 _a1901-2000
388 _a1945-1989
500 _aTytuł oryginału: A manual of physical methods in organic chemistry.
504 _aBibliografia przy rozdziałach. Indeks.
650 7 _aChemia organiczna
650 7 _aChemia fizyczna
650 7 _aZwiązki organiczne
655 7 _aĆwiczenia i zadania
658 _aChemia
700 1 _aWynberg, Hans
_eAutor
700 1 _aKuryłowicz, Jerzy
_d(1925-2002)
_eTłumaczenie
710 2 _aPaństwowe Wydawnictwo Naukowe
_4pbl
856 _uhttp://koha.tu.koszalin.pl/cgi-bin/koha/opac-detail.pl?biblionumber=12542
_yKatalog online BPK
942 _2UKD
_cKS
999 _c12542
_d12542